| 000 | 00385nam a2200145Ia 4500 | ||
|---|---|---|---|
| 008 | 260417s2023 xx 000 0 und d | ||
| 041 | _aeng | ||
| 082 |
_a344.1044/RAJ _bDI-1364 |
||
| 100 | _aV.N.RAJE | ||
| 245 | _aPHARMACY LAW AND ETHICS | ||
| 250 | _a4TH ed | ||
| 260 |
_aPUNE _b2023 _bCBS PUB AND DISTRI BUTERS PVT LTD |
||
| 300 | _aP.B.175p | ||
| 650 | _aPHARMACY LAW AND ETHICS | ||
| 999 |
_c1220675 _d1220675 |
||